000
00267nam a22001097a 4500
082
_a
920/SHU
100
_a
Shukla, R S
_9
80704
245
_a
Life History of Great Saints of India
260
_a
Allahabad
_b
Anurag pub
_c
2016
650
_a
Hinduism
_9
48781
942
_c
BK
999
_c
63980
_d
63980